| Tag |
First Indicator |
Second Indicator |
Subfields |
| LEADER |
00000cam a2200000 i 4500 |
| 001 |
in00004167821 |
| 005 |
20200309104015.0 |
| 008 |
171011s2016 waua 6 000 1deng d |
| 010 |
|
|
|a 2017296960
|
| 035 |
|
|
|a (OCoLC)ocn940362226
|
| 040 |
|
|
|a YDXCP
|b eng
|e rda
|c DLC
|d BDX
|d BTCTA
|d NDD
|d ON8
|d NYP
|d ZCU
|d FXN
|d TOH
|d YDXCP
|d OCLCO
|d HCO
|d OCLCF
|d UKMGB
|d OCL
|d DWP
|d OCLCO
|
| 015 |
|
|
|a GBB6C4314
|2 bnb
|
| 016 |
7 |
|
|a 018000760
|2 Uk
|
| 020 |
|
|
|a 9781606999677
|
| 020 |
|
|
|a 1606999672
|
| 035 |
|
|
|a (OCoLC)940362226
|
| 042 |
|
|
|a lccopycat
|
| 043 |
|
|
|a n-us---
|
| 050 |
0 |
4 |
|a PN6727.H36
|b T87 2016
|
| 082 |
0 |
0 |
|a 741.5/973
|a B
|2 23
|
| 049 |
|
|
|a TXAM
|
| 100 |
1 |
|
|a Hanks, Fletcher,
|d 1887-1976,
|e author,
|e artist.
|
| 245 |
1 |
0 |
|a Turn loose our death rays and kill them all! :
|b the complete works of Fletcher Hanks /
|c Fletcher Hanks.
|
| 246 |
3 |
0 |
|a Complete works of Fletcher Hanks
|
| 250 |
|
|
|a First edition.
|
| 264 |
|
1 |
|a Seattle, WA :
|b Fantagraphics Books,
|c 2016.
|
| 300 |
|
|
|a xxiii, 352 pages :
|b illustrations (chiefly color) ;
|c 27 cm
|
| 336 |
|
|
|a text
|b txt
|2 rdacontent
|
| 336 |
|
|
|a still image
|b sti
|2 rdacontent
|
| 337 |
|
|
|a unmediated
|b n
|2 rdamedia
|
| 338 |
|
|
|a volume
|b nc
|2 rdacarrier
|
| 500 |
|
|
|a Chiefly illustrated.
|
| 520 |
|
|
|a "Fletcher Hanks was the first great comic book auteur: he wrote, penciled, inked, and lettered all of his own stories. He completed approximately 50 stories between 1939-1941, all unified by a unique artistic vision. Whether it's the superhero Stardust doling out ice cold slabs of poetic justice, or the jungle protectress Fantomah tearing evildoers from limb to ragged limb, contemporary readers are stunned by the pop surrealism and outright violent mayhem of Hanks' work. Originally featured in two paperback volumes, this deluxe hardcover collects-for the first time-all of Hanks' previously published material, plus several gems newly discovered for this volume, making this the very first complete collection of the works of Fletcher Hanks. Full-color illustrations throughout,"--Amazon.com.
|
| 505 |
0 |
|
|a Foreword: I shall now leave you to your fate / Glen David Gold -- Introduction: I shall destroy, you shall die! / Paul Karasik -- Student portfolio -- Moe M. Down : Moe vs. Tony Pimento -- Moe M. Down: Moe gets a new manager -- Stardust: Presidential assassination -- Space SMith: Captured by Skomah -- Stardust: Rip the blood -- Space Smith: The Martian ogres -- Tabu: The slave raiders -- Big Red McLane: King of the north woods -- Stardust: The demon's tidal wave -- Fantomah: The elephants' graveyard -- Big Red McLane: The Red River Gang -- Space Smith: The leopard women of Venus -- Tiger Hart: The dashing, slashing adventure of the great Solinoor Diamond -- Stardust: The mad giant -- Space Smith: The thinker -- Fantomah: The city of gold -- Big Red McLane: The timber thieves -- Stardust: Wolf Eye's vacuum tubes -- Space Smith: The hoppers -- Fantomah: The super-gorillas -- Big Red McLane: The lumber hijackers -- Whirlwind Carter: Mars attacks -- Space Smith: The Vacuumites -- Yank Wilson: The saboteurs -- Fantomah: Mundoor and the giant reptiles -- Big Red McLane: The sinister stranger -- Stardust: Gyp Clip's anti-gravity ray -- Fantomah: Phantom of the tree-tops -- Big Red McLane: The paper racketeers -- Whirlwind Carter: Planet of black-light -- Stardust: The emerald men of Asperus -- Space Smith: Planet Bloodu -- Fantomah: Diamond thieves -- Big Red McLane: Sledge Sloan Gang -- Buzz Crandall: Lepus and the colliding planets -- Fantomah: The temple in the mud pit -- Big Red McLane: The monk's war rockets -- Stardust: The super fiend -- Fantomah: Lions loose in New York -- Big Red McLane: Searching for Sally Breen -- Stardust: Skullface takes over New York -- Fantomah: The flaming claws -- Stardust: Kaos and the vultures -- Fantomah: the scarlet shadow -- Stardust: The fifth columnists -- Fantomah: The new blitzers -- Stardust: The sixth columnists -- Fantomah: The tiger-women of Wildmoon Mountain -- Stardust: The world invaders -- Fantomah: The revenge of Zomax -- Stardust: Slant eyes -- Fantomah: Org's giant spiders -- Stardust: DeStructo and the headhunter -- Afterword: Whatever happened to Fletcher Hanks? / Paul Karasik.
|
| 600 |
1 |
0 |
|a Hanks, Fletcher,
|d 1887-1976.
|
| 650 |
|
0 |
|a Cartoonists
|z United States
|v Biography.
|
| 650 |
|
7 |
|a Cartoonists.
|2 fast
|0 (OCoLC)fst00848081
|
| 651 |
|
7 |
|a United States.
|2 fast
|0 (OCoLC)fst01204155
|
| 655 |
|
7 |
|a Graphic novels.
|2 lcgft
|
| 655 |
|
4 |
|a Graphic books.
|
| 655 |
|
7 |
|a Biographies.
|2 fast
|0 (OCoLC)fst01919896
|
| 655 |
|
7 |
|a Comics (Graphic works)
|2 fast
|0 (OCoLC)fst01921613
|
| 655 |
|
7 |
|a Comics (Graphic works)
|2 lcgft
|
| 994 |
|
|
|a C0
|b TXA
|
| 948 |
|
|
|a cataloged
|b h
|c 2020/03/09
|d c
|e jlanham
|f 10:40:10 am
|
| 999 |
f |
f |
|s c9a5e49f-901a-374e-a1ea-1ccfab670ae7
|i 731757cb-0d13-3177-a273-f49499415773
|t 0
|
| 952 |
f |
f |
|p normal
|a Texas A&M University
|b College Station
|c Sterling C. Evans Library
|d Evans: Library Stacks
|t 0
|e PN6727.H36 T87 2016
|h Library of Congress classification
|i unmediated -- volume
|m A14851028705
|
| 998 |
f |
f |
|a PN6727.H36 T87 2016
|t 0
|l Evans: Library Stacks
|